Mass spectrometry in biomedical research / (Record no. 69338)
[ view plain ]
| 000 -LEADER | |
|---|---|
| fixed length control field | 00844nam a2200277 a 4500 |
| 001 - CONTROL NUMBER | |
| control field | 69338 |
| 003 - CONTROL NUMBER IDENTIFIER | |
| rucl marc code | BD-RjUL |
| 005 - DATE AND TIME OF LATEST TRANSACTION | |
| control field | 20211209081855.0 |
| 008 - FIXED-LENGTH DATA ELEMENTS--GENERAL INFORMATION | |
| fixed length control field | 921109s1986 enka b 001 0 eng d |
| 020 ## - INTERNATIONAL STANDARD BOOK NUMBER | |
| International Standard Book Number | 0471910457 |
| 035 ## - SYSTEM CONTROL NUMBER | |
| System control number | (BD-RjUL)69549 |
| 040 ## - CATALOGING SOURCE | |
| Original cataloging agency | BD-RjUL |
| Language of cataloging | eng |
| Transcribing agency | BD-RjUL |
| Modifying agency | BD-RjUL |
| 041 ## - LANGUAGE CODE | |
| Language code of text/sound track or separate title | eng |
| 060 #0 - NATIONAL LIBRARY OF MEDICINE CALL NUMBER | |
| Classification number | QC 454.M3 M4143 |
| 082 ## - DEWEY DECIMAL CLASSIFICATION NUMBER | |
| Edition number | 23 |
| Classification number | 574.19285 |
| Author mark and year | MAS 1986 |
| 245 00 - TITLE STATEMENT | |
| Title | Mass spectrometry in biomedical research / |
| Statement of responsibility, etc. | edited by Simon J. Gaskell |
| 260 ## - PUBLICATION, DISTRIBUTION, ETC. (IMPRINT) | |
| Place of publication, distribution, etc. | Chichester : |
| Name of publisher, distributor, etc. | Wiley, |
| Date of publication, distribution, etc. | c1986 |
| 300 ## - PHYSICAL DESCRIPTION | |
| Pagination | xv, 492 p : |
| Illustrations | ill ; |
| Size | 24 cm |
| 504 ## - BIBLIOGRAPHY, ETC. NOTE | |
| Bibliography, etc | Includes bibliographies and index |
| 650 #0 - SUBJECT ADDED ENTRY--TOPICAL TERM | |
| Topical term or geographic name as entry element | Mass spectrometry |
| 9 (RLIN) | 205425 |
| Topical term or geographic name as entry element | Biochemistry |
| General subdivision | Technique. |
| 9 (RLIN) | 167403 |
| Topical term or geographic name as entry element | Biomolecules |
| General subdivision | Analysis |
| 9 (RLIN) | 205426 |
| Topical term or geographic name as entry element | Spectrum Analysis, Mass |
| 9 (RLIN) | 205427 |
| 700 1# - ADDED ENTRY--PERSONAL NAME | |
| Personal name | Gaskell, S. J. |
| 942 ## - ADDED ENTRY ELEMENTS (KOHA) | |
| Source of classification or shelving scheme | Dewey Decimal Classification |
| Koha item type | Books |
| Lost status | Source of classification or shelving scheme | Damaged status | Not for loan | Collection code | Permanent Location | Current Location | Shelving location | Date acquired | Source of acquisition | Cost, normal purchase price | Total Checkouts | Full call number | Date last seen | Copy number | Koha item type |
|---|---|---|---|---|---|---|---|---|---|---|---|---|---|---|---|
| Dewey Decimal Classification | Not For Loan | Non-fiction | Central Library, University of Rajshahi | Central Library, University of Rajshahi | Reading Room | 22/04/2006 | Dhaka, Paragon Enterprise ltd. | 216.00 | 574.19285 MAS 1986 | 11/04/2017 | C-1 | Books |